Central-Library-PUMHS

Online Public Access Catalogue

Welcome to PUMHS Central Library Nawabshah, SBA

B.D Chaurasia's Human Anatomy Regional and Applied Dissection and Clinical (Vol-4) (Record no. 37845)

000 -LEADER
fixed length control field 00348nam a22001457a 4500
082 ## - DEWEY DECIMAL CLASSIFICATION NUMBER
Classification number 611 CHA
100 ## - MAIN ENTRY--AUTHOR NAME
Personal name Chaurasia BD
245 ## - TITLE STATEMENT
Title B.D Chaurasia's Human Anatomy Regional and Applied Dissection and Clinical (Vol-4)
250 ## - EDITION STATEMENT
Edition statement 8th Edition
260 ## - PUBLICATION, DISTRIBUTION, ETC. (IMPRINT)
Year of publication 2020
300 ## - PHYSICAL DESCRIPTION
Number of Pages 354
490 ## - SERIES STATEMENT
Series statement 8th Edition
650 ## - SUBJECT ADDED ENTRY--TOPICAL TERM
Topical Term Anatomy
942 ## - ADDED ENTRY ELEMENTS (KOHA)
Koha item type Books
Holdings
Withdrawn status Lost status Permanent Location Current Location Shelving location Date acquired Source of acquisition Cost, normal purchase price Full call number Accession Number Koha item type
    Central Library New Campus PUMHS Nawabshah,(SBA) Central Library New Campus PUMHS Nawabshah,(SBA) Anatomy 2026-03-03 M/S New Noble Bill No: 101/ NNB , Date: 05/06/2025 1395.00 611 CHA 41115 Ref Books
    Central Library New Campus PUMHS Nawabshah,(SBA) Central Library New Campus PUMHS Nawabshah,(SBA) Anatomy 2026-03-03 M/S New Noble Bill No: 101/ NNB , Date: 05/06/2025 1395.00 611 CHA 41119 Ref Books

Copyright © 2018,The PUMHSW, Nawabshah, Shaheed Benazirabad. All rights reserved
Mr. Abdul Sattar Mahar (Chief Librarian) PUMHSW, Nawabshah, Sindh, Pakistan 67480.
Ph#: | 0244-9370425 Ext. 2241 Email| librarian@pumhs.edu.pk Web| http://www.pumhs.edu.pk
سنڌي ڪي بورڊ